000 00318 a2200157 4500
001 194374
020 _a978-85-260-2464-9
040 _cMagnum
100 _aRosa, Joao Guimaraes
240 1 0 _aSagarana
_lpor
245 1 0 _aSagarana
300 _a342
362 0 _a2019
697 _aLITERATURA GERAL
942 _cBK
999 _c194374
_d194374